000
00348nam a22001577a 4500
005
20160629124458.0
008
160629b xxu||||| |||| 00| 0 eng d
020
_a
81-7188-302-8
041
_a
eng
082
_b
10831
245
_a
India Vision 2020
260
_b
Academic Foundation
300
_a
254
650
_a
Management
_9
241
942
_c
BK
999
_c
4667
_d
4665